| 000 | 00971 a2200277 4500 | ||
|---|---|---|---|
| 003 | OSt | ||
| 005 | 20180116192348.0 | ||
| 008 | 120531t xxu||||| |||| 00| 0 eng d | ||
| 010 | _a 2001099692 | ||
| 020 | _a0500341877 | ||
| 020 | _a9780500341872 | ||
| 035 | _a(DLC) 2001099692 | ||
| 040 | _c0 | ||
| 082 | 0 | 4 | _a720.92 |
| 100 | 1 |
_aRobson, David G. _93007 |
|
| 245 | 1 | 0 |
_aGeoffrey Bawa : _bthe complete works / _cDavid Robson. |
| 260 |
_aNew York, N.Y. : _bThames & Hudson, _c2002. |
||
| 300 |
_a278 p. : _bill. (some col.) ; _c29 cm. |
||
| 500 | _aIncludes bibliographical references and index. | ||
| 600 | 1 | 0 |
_aBawa, Geoffrey, _d1919-2003 _xCriticism and interpretation. _93008 |
| 650 | 1 | 0 |
_aArchitecture _zSri Lanka _xHistory _y20th century. _93009 |
| 650 | 1 | 0 |
_aVernacular architecture _xInfluence. _93010 |
| 700 | 1 |
_aBawa, Geoffrey, _d1919-2003. _93011 |
|
| 942 |
_aSADA _cREF _k720.92 ROB 2002 _2ddc |
||
| 999 |
_c352838 _d352838 |
||